LEADER 01162nam0-22003491i-450- 001 990007474490403321 005 20160926090714.0 035 $a000747449 035 $aFED01000747449 035 $a(Aleph)000747449FED01 035 $a000747449 100 $a20030814d1983----km-y0itay50------ba 101 0 $aita 102 $aIT 105 $a--------001cy 200 1 $aUrbanizzazione, classi sociali, lavoro informale$esaggi sul processo di urbanizzazione in relazione allo sviluppo economico, alla crisi attuale, alla ristrutturazione-decentramento industriale$fEnzo Mingione 210 $aMilano$cFrancoAngeli$dİ1983 215 $a284 p.$d23 cm 225 1 $aSociologia$v69 320 $aContiene riferimenti bibl. (pp.277-284) 610 0 $aUrbanizzazione$aAspetti ecomici 676 $a307.76$v22$zita 700 1$aMingione,$bEnzo$f<1947- >$034233 801 0$aIT$bUNINA$gRICA$2UNIMARC 901 $aBK 912 $a990007474490403321 952 $aA-G 0373$bBibl.c.55636$fILFGE 952 $a307.76 MIN 1$b2747$fBFS 959 $aILFGE 959 $aBFS 996 $aUrbanizzazione, classi sociali, lavoro informale$9449499 997 $aUNINA LEADER 01400oam 2200421Ia 450 001 9910702093303321 005 20120906113217.0 035 $a(CKB)5470000002423191 035 $a(OCoLC)809253110 035 $a(EXLCZ)995470000002423191 100 $a20120906d2012 ua 0 101 0 $aeng 135 $aurcn||||||||| 181 $ctxt$2rdacontent 182 $cc$2rdamedia 183 $acr$2rdacarrier 200 10$aNASA high-speed 2D photogrammetric measurement system$b[electronic resource] /$fHarriett R. Dismond 210 1$aHampton, Va. :$cNational Aeronautics and Space Administration, Langley Research Center,$d[2012] 215 $a1 online resource (21 pages) $ccolor illustrations 225 1 $aNASA/TM ;$v2012-217334 300 $aTitle from title screen (viewed on Sept. 6, 2012). 300 $a"February 2012." 320 $aIncludes bibliographical references (page 21). 606 $aDrop tests$2nasat 606 $aPhotogrammetry$2nasat 606 $aTracking (position)$2nasat 615 7$aDrop tests. 615 7$aPhotogrammetry. 615 7$aTracking (position) 700 $aDismond$b Harriett R$01416214 712 02$aLangley Research Center. 801 0$bGPO 801 1$bGPO 801 2$bGPO 906 $aBOOK 912 $a9910702093303321 996 $aNASA high-speed 2D photogrammetric measurement system$93520878 997 $aUNINA